| Tag |
First Indicator |
Second Indicator |
Subfields |
| LEADER |
00000pam a2200000 a 4500 |
| 001 |
in00000085073 |
| 005 |
20151008055736.0 |
| 008 |
810805s1981 riua b 10000 eng |
| 010 |
|
|
|a 81012914
|
| 020 |
|
|
|a 0821800256
|
| 035 |
|
|
|a (OCoLC)07739165
|
| 035 |
|
|
|9 AAJ4262AM
|
| 039 |
0 |
|
|a 2
|b 3
|c 3
|d 3
|e 3
|
| 040 |
|
|
|a DLC
|c DLC
|d TXA
|d UtOrBLW
|
| 049 |
|
|
|a TXAM
|c [1804002]
|
| 050 |
0 |
0 |
|a QA269
|b .A47 1979
|
| 082 |
0 |
|
|a 519.3
|2 19
|
| 111 |
2 |
|
|a American Mathematical Society Short Course, Game Theory and its Applications
|d (1979 :
|c Biloxi, Miss.)
|
| 245 |
1 |
0 |
|a Game theory and its applications /
|c [edited by William F. Lucas].
|
| 264 |
|
1 |
|a Providence, R.I. :
|b American Mathematical Society,
|c 1981.
|
| 300 |
|
|
|a viii, 125 pages :
|b illustrations ;
|c 26 cm.
|
| 336 |
|
|
|a text
|b txt
|2 rdacontent
|
| 337 |
|
|
|a unmediated
|b n
|2 rdamedia
|
| 338 |
|
|
|a volume
|b nc
|2 rdacarrier
|
| 490 |
1 |
|
|a Proceedings of symposia in applied mathematics,
|v v. 24
|
| 500 |
|
|
|a "Lecture notes prepared for the American Mathematical Society Short Course, Game Theory and its Applications, held in Biloxi, Mississippi, January 22-23, 1979"--Verso of title page.
|
| 504 |
|
|
|a Includes bibliographies.
|
| 650 |
|
0 |
|a Game theory
|v Congresses.
|
| 700 |
1 |
|
|a Lucas, William F.,
|d 1933-
|
| 710 |
2 |
|
|a American Mathematical Society.
|
| 830 |
|
0 |
|a Proceedings of symposia in applied mathematics ;
|v v. 24.
|
| 999 |
|
|
|a MARS
|
| 999 |
f |
f |
|s 30c34eed-fb8a-3480-86c8-86105c4903cf
|i 8ce8742a-8d1d-32be-be13-c97dd04d7071
|t 0
|
| 952 |
f |
f |
|p normal
|a Texas A&M University
|b College Station
|c Sterling C. Evans Library
|d Evans: Library Stacks
|t 0
|e QA269 .A47 1979
|h Library of Congress classification
|i unmediated -- volume
|m A14806203792
|
| 998 |
f |
f |
|a QA269 .A47 1979
|t 0
|l Evans: Library Stacks
|